000 01151cam a2200133 4500500
005 20251214002632.0
041 _afre
042 _adc
100 1 0 _aLyraud, Pierre
_eauthor
245 0 0 _aL'explication de texte littéraire à l'oral
260 _bArmand Colin,
_c2018.
520 _aDe la gestion du temps à la mise en œuvre de l’analyse linéaire, en passant par la formulation de la problématique, ce manuel est une mine de stratégies et conseils pour ne plus se sentir démuni le jour J, quel que soit le genre du texte étudié.Il propose une méthode progressive, rigoureuse et systématique sur laquelle s’appuyer pour se préparer efficacement et affronter aux mieux les difficultés fréquemment rencontrées par les étudiants.Les entrainements corrigés sont l’occasion de s’exercer et de mettre la méthode en application. Les très nombreux extraits commentés d’œuvres, pour leur part, fournissent un ensemble de références incontournables qui alimenteront vos futurs travaux.
856 4 1 _uhttps://shs.cairn.info/l-explication-de-texte-litteraire-a-l-oral--9782200621605?lang=fr&redirect-ssocas=7080
999 _c1567248
_d1567248